| 000 | 00717nai a22001937a 4500 | ||
|---|---|---|---|
| 003 | OSt | ||
| 005 | 20170316110053.0 | ||
| 008 | 170209b xxu||||| |||| 00| 0 eng d | ||
| 040 |
_aBMC _cBMC |
||
| 082 | _a909 | ||
| 245 | 0 | 3 |
_aLa aventura de la historia _b: mayo _cJavier Villalba, editor |
| 260 |
_aMadrid _bGrupo Unidad _c2000 |
||
| 300 |
_a130 p. _c28 cm _e+ 1 h. pleg. |
||
| 490 |
_aLa aventura de la historia _v19, año 2 |
||
| 505 | _aContiene: El oficio de la guerra.- La larga marcha hacia la igualdad.- Las leonas del hospicio.- Medicina preventiva.- Tristes presagios.- El mérito de Colón fue volver.- | ||
| 650 | 2 | 4 |
_91258 _aHistoria universal |
| 700 | 1 |
_920715 _aVillalba, Javier |
|
| 942 |
_2ddc _cPR |
||
| 999 |
_c27132 _d27132 |
||